Normas internacionales de información financiera -NIIF- 2006: donde también se incluyen las normas internacionales de contabilidad -NIC- y sus interpretaciones. Texto completo de las normas internacionales de información financiera emitidas a 1 de enero de 2006

Uloženo v:
Podrobná bibliografie
Korporace: International Accounting Standards Committee Foundation (Autor), IASCF (Autor)
Médium: Kniha
Jazyk:španělština
Vydáno: Londres International Accounting Standards Committee Foundation 2006
Témata:
Tagy: Přidat tag
Žádné tagy, Buďte první, kdo vytvoří štítek k tomuto záznamu!

MARC

LEADER 00000nam a2200000 a 4500
001 UCI0859
003 CL-VaPUC
008 070601e20060000UK |||||||||||||||||spa|d
020 |a 1905590113 
082 0 4 |a 657  |b INT  |2 21 
110 2 |a International Accounting Standards Committee Foundation  |e author  |9 521021 
710 2 |a IASCF  |e author  |9 521022 
245 1 0 |a Normas internacionales de información financiera -NIIF- 2006: donde también se incluyen las normas internacionales de contabilidad -NIC- y sus interpretaciones. Texto completo de las normas internacionales de información financiera emitidas a 1 de enero de 2006 
300 |a 1972 p 
942 |c BK 
945 |d 20070601 00:00:00  |a jtorresc 
260 |a Londres  |b International Accounting Standards Committee Foundation  |c 2006 
650 0 |a Contabilidad   |9 261430 
650 0 |a Estados de cuentas  |9 352305 
650 7 |a NORMAS INTERNACIONALES  |2 CL-VaPUC  |9 341712 
650 7 |a ESTADOS FINANCIEROS  |2 CL-VaPUC  |9 521023 
583 |a last modification  |c 20140404 10:52:27  |k Rodrigo Vera 
999 |c 325833  |d 325831 
952 |0 0  |1 0  |4 0  |6 657_000000000000000_INT_2006  |7 0  |8 A  |9 407200  |a BIBGIM  |b BIBGIM  |d 2019-11-22  |i 4345037  |o 657 INT 2006  |p 4345037  |r 2025-01-15  |w 2019-11-22  |y BK  |k COM 
952 |0 0  |1 0  |4 0  |6 657_000000000000000_INT_2006  |7 0  |8 A  |9 407201  |a BIBGIM  |b BIBGIM  |d 2019-11-22  |i 4345045  |o 657 INT 2006  |p 4345045  |r 2025-01-15  |w 2019-11-22  |y BK  |k COM 
952 |0 0  |1 0  |4 0  |6 657_000000000000000_INT_2006  |7 0  |8 A  |9 407202  |a BIBGIM  |b BIBGIM  |d 2019-11-22  |i 4345053  |o 657 INT 2006  |p 4345053  |r 2025-01-15  |w 2019-11-22  |y BK  |k COM 
952 |0 0  |1 0  |4 0  |6 657_000000000000000_INT_2006  |7 0  |8 A  |9 407203  |a BIBGIM  |b BIBGIM  |d 2019-11-22  |i 4345061  |o 657 INT 2006  |p 4345061  |r 2025-01-15  |w 2019-11-22  |y BK  |k COM 
952 |0 0  |1 0  |4 0  |6 657_000000000000000_INT_2006  |7 0  |8 A  |9 407204  |a BIBGIM  |b BIBGIM  |d 2019-11-22  |i 434507K  |o 657 INT 2006  |p 434507K  |r 2025-01-15  |w 2019-11-22  |y BK  |k COM 
952 |0 0  |1 0  |4 0  |6 657_000000000000000_INT_2006  |7 0  |8 A  |9 407205  |a BIBGIM  |b BIBGIM  |d 2019-11-22  |i 4345088  |o 657 INT 2006  |p 4345088  |r 2025-01-15  |w 2019-11-22  |y BK  |k COM 
952 |0 0  |1 0  |4 0  |6 657_000000000000000_INT_2006  |7 0  |8 A  |9 407206  |a BIBGIM  |b BIBGIM  |d 2019-11-22  |i 4345096  |o 657 INT 2006  |p 4345096  |r 2025-01-15  |w 2019-11-22  |y BK  |k COM 
952 |0 0  |1 0  |4 0  |6 657_000000000000000_INT_2006  |7 0  |8 A  |9 407207  |a BIBGIM  |b BIBGIM  |d 2019-11-22  |i 434510K  |o 657 INT 2006  |p 434510K  |r 2025-01-15  |w 2019-11-22  |y BK  |k COM 
952 |0 0  |1 0  |4 0  |6 657_000000000000000_INT_2006  |7 0  |8 A  |9 407208  |a BIBGIM  |b BIBGIM  |d 2019-11-22  |i 4345118  |o 657 INT 2006  |p 4345118  |r 2025-01-15  |w 2019-11-22  |y BK  |k COM 
952 |0 0  |1 0  |4 0  |6 657_000000000000000_INT_2006  |7 0  |8 A  |9 407209  |a BIBGIM  |b BIBGIM  |d 2019-11-22  |i 4345126  |o 657 INT 2006  |p 4345126  |r 2025-01-15  |w 2019-11-22  |y BK  |k COM 
952 |0 0  |1 0  |4 0  |6 657_000000000000000_INT_2006  |7 0  |8 A  |9 407210  |a BIBGIM  |b BIBGIM  |d 2019-11-22  |i 4345134  |o 657 INT 2006  |p 4345134  |r 2025-01-15  |w 2019-11-22  |y BK  |k COM 
952 |0 0  |1 0  |4 0  |6 657_000000000000000_INT_2006  |7 0  |8 A  |9 407211  |a BIBGIM  |b BIBGIM  |d 2019-11-22  |i 4345142  |o 657 INT 2006  |p 4345142  |r 2025-01-15  |w 2019-11-22  |y BK  |k COM 
952 |0 0  |1 0  |4 0  |6 657_000000000000000_INT_2006  |7 0  |8 A  |9 407212  |a BIBGIM  |b BIBGIM  |d 2019-11-22  |i 4345150  |o 657 INT 2006  |p 4345150  |r 2025-01-15  |w 2019-11-22  |y BK  |k COM 
952 |0 0  |1 0  |4 0  |6 657_000000000000000_INT_2006  |7 0  |8 A  |9 407213  |a BIBGIM  |b BIBGIM  |d 2019-11-22  |i 4345169  |o 657 INT 2006  |p 4345169  |r 2025-01-15  |w 2019-11-22  |y BK  |k COM 
952 |0 0  |1 0  |4 0  |6 657_000000000000000_INT_2006  |7 0  |8 A  |9 407214  |a BIBGIM  |b BIBGIM  |d 2019-11-22  |i 4345177  |o 657 INT 2006  |p 4345177  |r 2025-01-15  |w 2019-11-22  |y BK  |k COM 
952 |0 0  |1 0  |4 0  |6 657_000000000000000_INT_2006  |7 0  |8 A  |9 407215  |a BIBGIM  |b BIBGIM  |d 2019-11-22  |i 4345185  |o 657 INT 2006  |p 4345185  |r 2025-01-15  |w 2019-11-22  |y BK  |k COM 
952 |0 0  |1 0  |4 0  |6 657_000000000000000_INT_2006  |7 0  |8 A  |9 407216  |a BIBGIM  |b BIBGIM  |d 2019-11-22  |i 4345193  |o 657 INT 2006  |p 4345193  |r 2025-01-15  |w 2019-11-22  |y BK  |k COM 
952 |0 0  |1 0  |4 0  |6 657_000000000000000_INT_2006  |7 0  |8 A  |9 407217  |a BIBGIM  |b BIBGIM  |d 2019-11-22  |i 4345207  |o 657 INT 2006  |p 4345207  |r 2025-01-15  |w 2019-11-22  |y BK  |k COM 
952 |0 0  |1 0  |4 0  |6 657_000000000000000_INT_2006  |7 0  |8 A  |9 407218  |a BIBGIM  |b BIBGIM  |d 2019-11-22  |i 4345215  |o 657 INT 2006  |p 4345215  |r 2025-01-15  |w 2019-11-22  |y BK  |k COM 
952 |0 0  |1 0  |4 0  |6 657_000000000000000_INT_2006  |7 0  |8 A  |9 407219  |a BIBGIM  |b BIBGIM  |d 2019-11-22  |i 4345223  |o 657 INT 2006  |p 4345223  |r 2025-01-15  |w 2019-11-22  |y BK  |k COM